000 00260nam a2200109Ia 4500
008 200302s9999 xx 000 0 und d
100 _aAndrew Wormer
245 _aNew Bathroom Idea Book
260 _bThe Taunton Press Inc.,
260 _c2004
300 _a171 P.,
999 _c2885
_d2885